000 01384nam a2200373 i 4500
003 EG-GICUC
005 20260121101430.0
008 251204s1987 fr ||||fr|||||||1 | fre d
040 _aEG-GiCUC
_bfre
_cEG-GiCUC
_dEG-GiCUC
_eRda
041 _afre
082 0 4 _221
_a341.1
_bRO . D
092 0 4 _221
099 _aLaw1 11 341.1 RO . D 11 ed - 1987
100 1 _aRousseau, Charles,
_d1902-1993,
_eAuteur
245 1 0 _aDroit international public /
_cCharles Rousseau, Pierre-Marie Dupuy.
250 _aOnzième édition
_bavec chapitres supplémentaires
264 1 _aParis :
_bDalloz,
_c1987.
300 _axxii, 495 pages ;
_c18 cm.
336 _2rda contenu
_a texte
337 _2rda medias
_aOrdinateur
338 _2 transporteur rda
_a Ressource en ligne
490 0 _3Précis Dalloz. Droit.
500 _aavec chapitres supplémentaires La protection internationale des droits de l'homme Le droit des organisations internationale par Pierre-Marie Dupuy
504 _aIncludes bibliographical references and index.
546 _aTexte en français
650 1 4 _aDroit international public
_2qrmak
650 1 4 _aDroits de l’homme
650 1 4 _aOrganisations internationales
651 1 _2qrmak
700 1 _aDupuy, Pierre-Marie
_eAuteur
856 4 0 _uhttps://fll.law.cu.edu.eg/fulltext/bks/B11-05597.pdf
905 _a75
_eHassnaa
942 _2ddc
_n0
_cBK
_e21
999 _c48414
_d48414